LEADER 00769nas a2200181 i 4500 001 000000014374 003 CaOOAMICUS 005 20180830125442.0 008 180830n it u0 ita u 040 $aSeMil$bita 245 10$aPsicoterapia e salute /$ccollana diretta da Pio Scilligo e Eugenio Fizzotti. 260 $aRoma :$bLAS,$c[200?] 300 $av. ;$c24 cm. 700 1 $aFizzotti, Eugenio,$d<1946-2018>.$0(OLS)http://semarc/name/1561 700 1 $aScilligo, Pio .$0(OLS)http://semarc/name/6752 710 2 $aUniversitā Pontificia Salesiana : Facoltā di Scienze dell'Educazione.$0(OLS)http://semarc/name/2103 996 $6245$aPsicoterapia e salute$9(OLS)http://semarc/title/19068 996 $6260$aRoma :$bLAS$9(OLS)http://semarc/publisher/29900 LEADER 01087nam a2200253 i 4500 001 000000066636 003 CaOOAMICUS 005 20221011094509.0 008 990121s1953 sz u000 u eng u 013 $a37808 040 $aSeMil$bita 100 1 $aDorenkemper, Mark,$c.$0(OLS)http://semarc/name/33429 245 14$aThe Trinitarian doctrine and sources of St. Caesarius of Arles /$cMark Dorenkemper. 264 1$aFreiburg (Schweiz) :$bUniversitätsverlag,$c1953. 300 $aIX, 234 p. ;$c24 cm 490 1 $aParadosis ;$v9 600 04$aCesario : di Arles .$0(OLS)http://semarc/subject/11084 650 4$aTrinitā.$0(OLS)http://semarc/subject/940 830 0$aParadosis ;$v9.$0(OLS)http://semarc/title/420187 850 $aSeMil 852 $aSeMil$W1$xVenegono$y1$m2N IV 209$j32789$B32789$CSeMilBibl$Z2$F32792 $81 996 $6245$aThe Trinitarian doctrine and sources of St. Caesarius of Arles$9(OLS)http://semarc/title/105999 996 $6264$aFreiburg (Schweiz) :$bUniversitätsverlag$9(OLS)http://semarc/publisher/29720